[Event "2015 NA Class B Ch Finals, S50189"]
[Site "CCLA"]
[Date "2015.04.27"]
[Round "?"]
[White "Stevenson, Wayne"]
[Black "Avery, Bryce"]
[Result "1-0"]
[WhiteElo "1702"]
[BlackElo "1668"]

1. d4 Nf6 2. Nf3 d5 3. e3 Bf5 4. c4 c6 5. Nc3 e6 6. Be2 dxc4 7. Bxc4 Nbd7 
8. O-O Qc7 9. Qe2 Ne4 10. Bd3 Ndf6 11. Qc2 Nxc3 12. bxc3 Bxd3 13. Qxd3 Be7
14. e4 O-O 15. e5 Nd5 16. c4 Nb6 17. a4 Rad8 18. a5 Nc8 19. Rd1 f6 20. Bf4
fxe5 21. Bxe5 Qd7 22. Rab1 Nd6 23. Rb3 Nf7 24. Qb1 Nd6 25. Bxd6 Qxd6 26. 
Rxb7 Rb8 27. c5 Rxb7 28. Qxb7 Qd8 29. Qxc6 1-0

[Event "2015 Server Team Ch - Div 1, S51999"]
[Site "CCLA"]
[Date "2015.10.30"]
[Round "?"]
[White "Waller, Anthony"]
[Black "Sutton, Alan B."]
[Result "1-0"]
[WhiteElo "2238"]
[BlackElo "2283"]
[Board "1"]
[WhiteTeam "SchemingMind B"]
[BlackTeam "BCCA Kings"]

1. d4 d5 2. c4 c6 3. Nf3 Nf6 4. e3 Bf5 5. Nc3 e6 6. Nh4 Bg6 7. Nxg6 hxg6 
8. Bd2 Nbd7 9. Qc2 Bd6 10. h3 O-O 11. Be2 dxc4 12. Bxc4 c5 13. O-O cxd4 
14. exd4 Rc8 15. Bb3 b5 16. Qb1 b4 17. Ne4 Be7 18. Qe1 Nxe4 19. Qxe4 Nf6 
20. Qd3 Bc5 21. Be3 Qd6 22. Rfd1 Bb6 23. Rac1 Rfd8 24. Rxc8 Rxc8 25. Qa6 
Rc6 26. Ba4 Rc7 27. Bb3 Nd5 28. Bg5 f6 29. Bc1 Kf7 30. h4 Qc6 31. Qd3 a5 
32. h5 gxh5 33. Qh7 Kf8 34. Qh8+ Kf7 35. Qxh5+ Kf8 36. Qh8+ Kf7 37. Qh7 
Kf8 38. Bd2 Bxd4 39. Qh8+ Kf7 40. Qh5+ Kf8 41. Bxb4+ axb4 42. Rxd4 Qc1+ 
43. Kh2 Qc5 44. Re4 Qd6+ 45. g3 f5 46. Re1 Rd7 47. Qg6 Qb6 48. Kg1 Rd6 49.
 Bxd5 Rxd5 50. Rxe6 Rd1+ 51. Kg2 Qb5 52. Kh2 Rf1 53. f4 Rb1 54. Re5 Rxb2+ 
55. Kh3 Qf1+ 56. Kh4 Qh1+ 57. Kg5 Qh6+ 58. Qxh6 gxh6+ 59. Kxf5 Rxa2 60. 
Rb5 Ra3 61. g4 Rb3 62. Rb6 Ke7 63. Rxh6 Rc3 64. Rh7+ Kf8 65. Rb7 b3 66. g5
Rc5+ 67. Kg6 Rc6+ 68. Kh5 Rc3 69. f5 1-0

[Event "2015 Server Team Ch - Div 1, S51999"]
[Site "CCLA"]
[Date "2015.10.30"]
[Round "?"]
[White "Glanville, Colin M."]
[Black "Ryan, Patrick J."]
[Result "0-1"]
[WhiteElo "2051"]
[BlackElo "2188"]
[Board "4"]
[WhiteTeam "BCCA Rooks"]
[BlackTeam "Paul Morphy's Hair"]

1. d4 d5 2. c4 c6 3. e3 Bf5 4. Nc3 e6 5. Nf3 Nf6 6. Nh4 Bg6 7. Nxg6 hxg6 
8. Bd2 Nbd7 9. h3 Be7 10. Be2 dxc4 11. Bxc4 Rc8 12. O-O O-O 13. Be2 c5 14.
 dxc5 Nxc5 15. Qb1 Bd6 16. Rd1 a6 17. b4 Ncd7 18. Qb3 Qe7 19. a3 b5 20. 
Rac1 Nb6 21. Be1 Be5 22. Qb1 Rc7 23. f4 Bxc3 24. Bxc3 Nc4 25. Bxc4 Rxc4 
26. Bxf6 gxf6 27. Qd3 Rxc1 28. Rxc1 Rd8 29. Qe4 Kg7 30. Kh2 Rd5 31. Rc3 
Qd6 32. Qf3 Qb6 33. Qe4 a5 34. Qc2 a4 35. Kg3 e5 36. Rd3 Qd6 37. Rxd5 Qxd5
38. Kf2 Qb3 39. Qc1 Qa2+ 40. Kf1 e4 41. Qc3 Qb1+ 42. Kf2 Qd1 43. Qb2 Qh1 
0-1

[Event "2015 Server Team Ch - Div 2"]
[Site "CCLA"]
[Date "2015.10.30"]
[Round "?"]
[White "Carter, Maurice H."]
[Black "Huff, David C."]
[Result "1-0"]
[WhiteElo "1968"]
[BlackElo "1857"]
[Board "5"]
[WhiteTeam "Chairmen of the Board"]
[BlackTeam "SchemingMind C"]

1. d4 d5 2. c4 c6 3. cxd5 cxd5 4. Nf3 Nf6 5. Nc3 Nc6 6. Bf4 Bf5 7. Qb3 Na5
8. Qa4+ Bd7 9. Qd1 Qb6 10. Rb1 Bf5 11. Na4 Qd8 12. Rc1 Rc8 13. e3 Rxc1 14.
 Qxc1 Nc6 15. a3 Ne4 16. b4 Qc8 17. Be2 f6 18. h3 g5 19. Bh2 b6 20. Nd2 
Nxd2 21. Kxd2 Qb7 22. Qc3 Nd8 23. Rc1 b5 24. Nc5 Qb6 25. Qb3 e6 26. Na4 
Qb7 27. Rc7 Qa6 28. Nc3 Bd6 29. Bxb5+ Qxb5 30. Nxb5 Bxc7 31. Nxc7+ Kf7 32.
 g4 Be4 33. Qa4 Kg6 34. Qd7 Bg2 35. Bd6 Bxh3 36. Ne8 Nf7 37. Qxe6 Rxe8 38.
 Qxe8 Bxg4 39. Qg8+ 1-0

[Event "2015 Server Team Ch - Div 2"]
[Site "CCLA"]
[Date "2015.10.30"]
[Round "?"]
[White "Avery, Bryce"]
[Black "Crevani, Mirta"]
[Result "1/2-1/2"]
[WhiteElo "1751"]
[BlackElo "1929"]
[Board "3"]
[WhiteTeam "Big Red Fuzzy"]
[BlackTeam "SchemingMind C"]

1. d4 d5 2. Nf3 Nf6 3. c4 c6 4. cxd5 cxd5 5. Nc3 Nc6 6. Bf4 Bf5 7. e3 e6 
8. Qb3 Bb4 9. Bb5 O-O 10. Bxc6 Bxc3+ 11. Qxc3 bxc6 12. O-O Qb6 13. Rfc1 
Rfc8 14. Ne5 Ne4 15. Qa3 f6 16. Nd7 Qb7 17. Nc5 Nxc5 18. Rxc5 a5 19. Rac1 
Qb4 20. Qc3 Ra6 21. a3 Qxc3 22. R1xc3 Kf8 23. b4 axb4 24. axb4 Rb6 1/2-1/2

[Event "2015  Server Team - Div 3, S53999"]
[Site "CCLA"]
[Date "2015.10.30"]
[Round "?"]
[White "Capuzzi, Gabriele"]
[Black "Ellis, James R."]
[Result "0-1"]
[WhiteElo "1615"]
[BlackElo "2112"]
[Board "2"]
[WhiteTeam "Knights of the Square Table"]
[BlackTeam "Canadian Snowbirds"]

1. d4 d5 2. c4 c6 3. cxd5 cxd5 4. Nf3 Nf6 5. Nc3 Nc6 6. Bf4 Bf5 7. e3 e6 
8. Bb5 Nd7 9. Bxc6 bxc6 10. Ne5 Nxe5 11. Bxe5 f6 12. Bg3 h5 13. h3 Qb6 14.
 Qd2 Qa6 15. f3 h4 16. Bh2 c5 17. Kf2 Kf7 18. Rhc1 cxd4 19. Qxd4 Be7 20. 
a3 Rac8 21. Qd2 g5 22. Ne2 Qb6 23. Nd4 Bg6 24. Rxc8 Rxc8 25. Rc1 Rxc1 26. 
Qxc1 e5 27. Ne2 Bd3 28. Ke1 Bc5 29. Bg1 e4 30. Nc3 Bd6 31. Nxd5 Bg3+ 32. 
Bf2 Qd6 33. Nb4 Bxf2+ 34. Kxf2 exf3 0-1

[Event "2015 NA Server Ch (CCLA Rules), S50169"]
[Site "CCLA"]
[Date "2015.04.27"]
[Round "?"]
[White "Sereni, Vincent T."]
[Black "Gredescul, Andrea"]
[Result "1/2-1/2"]
[WhiteElo "2123"]
[BlackElo "2166"]

1. d4 d5 2. c4 c6 3. e3 Nf6 4. Nf3 a6 5. Nc3 b5 6. b3 Bg4 7. h3 Bxf3 8. 
Qxf3 e5 9. dxe5 Bb4 10. Bd2 Bxc3 11. Bxc3 Ne4 12. Bb4 bxc4 13. Qg4 c5 14. 
f3 Nc6 15. fxe4 Nxb4 16. Qxg7 Rf8 17. exd5 Qh4+ 18. Ke2 Nxd5 19. Qg4 Qh6 
20. Qf3 Rd8 21. Kf2 f5 22. Bxc4 f4 23. Kg1 fxe3 24. Qg4 Ke7 25. Re1 Rf2 
26. Rh2 Nf4 27. Qg3 Rf8 28. h4 Rxa2 29. Kh1 Ne6 30. Rh3 Rff2 31. Rg1 Qg6 
32. Qxg6 hxg6 33. Rxe3 Rf4 34. Rh3 a5 35. Rh2 a4 36. g3 Rxh2+ 37. Kxh2 
Rf2+ 38. Kh3 axb3 1/2-1/2

[Event "Premier Quad, S50249"]
[Site "CCLA"]
[Date "2015.05.29"]
[Round "?"]
[White "Hansen, Michael"]
[Black "Beavan, Robert"]
[Result "1/2-1/2"]
[WhiteElo "1754"]
[BlackElo "1969"]

1. d4 c6 2. c4 d5 3. Nf3 Nf6 4. Nc3 dxc4 5. a4 Bf5 6. Ne5 Nbd7 7. Nxc4 Nb6
8. Ne3 Bg6 9. a5 Nbd7 10. g3 b5 11. axb6 axb6 12. Rxa8 Qxa8 13. Bg2 e6 14.
 O-O Nd5 15. Nexd5 exd5 16. e4 dxe4 17. Nxe4 Be7 18. Re1 O-O 19. Nc3 Bb4 
20. d5 Bxc3 21. bxc3 cxd5 22. c4 Re8 23. cxd5 Rxe1+ 24. Qxe1 h6 25. h3 Nf6
26. d6 Qa1 27. g4 Bc2 28. Qd2 Ba4 29. Kh2 Bd7 30. Bb2 Qa5 31. Bc3 Qc5 32. 
f4 h5 33. g5 Ne8 34. Bb4 Qf5 35. Kg3 b5 36. Qd4 Qe6 37. Bf1 Qf5 38. Kh4 
Qe6 39. Kxh5 f6 40. g6 Qf5+ 41. Kh4 Qxg6 42. Qd5+ Kh7 43. Qh5+ Qxh5+ 44. 
Kxh5 g6+ 45. Kh4 Ng7 46. Kg3 Nf5+ 47. Kf3 Kg7 48. Bd3 Kf7 49. Be4 Ke6 50. 
Bxf5+ 1/2-1/2

[Event "Winter Series, S50051"]
[Site "CCLA"]
[Date "2015.01.28"]
[Round "?"]
[White "Sanchez, David A."]
[Black "Nurmi, Ronald"]
[Result "1-0"]
[WhiteElo "1449"]
[BlackElo "1458"]

1. d4 d5 2. c4 c6 3. Nf3 Nf6 4. Nc3 dxc4 5. a4 Bf5 6. Ne5 Nbd7 7. Nxc4 Nb6
8. Ne5 a5 9. g3 e6 10. Bg2 Bb4 11. O-O Nfd5 12. Na2 Bd6 13. e4 1-0

[Event "2015 NA Class D Ch - Rd 1 Sect 1, S50111"]
[Site "CCLA"]
[Date "2015.04.27"]
[Round "?"]
[White "Ritzmann, Andrew M."]
[Black "Stetson, Micah P."]
[Result "0-1"]
[WhiteElo "1346"]
[BlackElo "1384"]

1. d4 d5 2. c4 c6 3. Nf3 Nf6 4. Nc3 dxc4 5. a4 Bf5 6. Ne5 e6 7. f3 Bb4 8. 
e4 Bxe4 9. fxe4 Nxe4 10. Bd2 Qxd4 11. Nxe4 Qxe4+ 12. Qe2 Bxd2+ 13. Kxd2 
Qd5+ 14. Kc2 Na6 15. Nxc4 O-O 16. Qe5 Qxe5 17. Nxe5 Rad8 18. Bxa6 bxa6 19.
 Nxc6 Rc8 20. Rac1 Rxc6+ 21. Kb1 Rfc8 22. Rcd1 f5 23. b4 Rc4 24. Rhe1 
Rxb4+ 25. Ka2 Rcb8 26. Rd3 Rxa4+ 27. Ra3 Rxa3+ 28. Kxa3 Kf7 29. Re5 Rb5 
30. Rxb5 axb5 0-1

[Event "2015  Server Team - Div 3, S53999"]
[Site "CCLA"]
[Date "2015.10.30"]
[Round "?"]
[White "Zaas, Joel"]
[Black "Siegfried, Will"]
[Result "1-0"]
[WhiteElo "1914"]
[BlackElo "1724"]
[Board "3"]
[WhiteTeam "Canadian Snowbirds"]
[BlackTeam "Idaho Mountaineers"]

1. d4 d5 2. c4 dxc4 3. e3 e5 4. Bxc4 exd4 5. exd4 Bb4+ 6. Nc3 Nf6 7. Nf3 
O-O 8. O-O Bg4 9. h3 Bh5 10. g4 Bg6 11. Qb3 Nc6 12. d5 Bxc3 13. dxc6 Ba5 
14. cxb7 Rb8 15. Be3 Bb6 16. Rad1 Qe8 17. Rfe1 Qc6 18. Ne5 Qxb7 19. g5 
Bxe3 20. Qxe3 Rbe8 21. gxf6 gxf6 22. Nxf7 Kg7 23. Qh6+ 1-0

[Event "2015  Server Team - Div 3, S53999"]
[Site "CCLA"]
[Date "2015.10.30"]
[Round "?"]
[White "Ellis, James R."]
[Black "Capuzzi, Gabriele"]
[Result "1-0"]
[WhiteElo "2112"]
[BlackElo "1615"]
[Board "2"]
[WhiteTeam "Canadian Snowbirds"]
[BlackTeam "Knights of the Square Table"]

1. d4 d5 2. c4 dxc4 3. e4 e5 4. Nf3 Bb4+ 5. Nc3 exd4 6. Nxd4 Nd7 7. Bxc4 
Ngf6 8. O-O O-O 9. Bg5 Ne5 10. Be2 a6 11. Nd5 Be7 12. Nxe7+ Qxe7 13. Qc2 
c6 14. Rad1 Bd7 15. f4 Neg4 16. e5 h6 17. Bh4 Ne3 18. exf6 gxf6 19. Qc3 
Nxd1 20. Bxd1 Rae8 21. Nc2 Kg7 22. Rf3 Qd6 23. Rg3+ Kh7 24. Ne3 Rxe3 25. 
Bc2+ 1-0

[Event "2015 REGULAR QUAD, S50259"]
[Site "CCLA"]
[Date "2015.06.10"]
[Round "?"]
[White "Rager, Mark"]
[Black "Martindale, Roger"]
[Result "1-0"]
[WhiteElo "1400"]
[BlackElo "1174"]

1. d4 d5 2. c4 dxc4 3. Nf3 h6 4. e4 b5 5. a4 Bb7 6. axb5 Bxe4 7. Nc3 Bf5 
8. Ne5 f6 9. Qh5+ g6 10. Nxg6 Bxg6 11. Qxg6+ Kd7 12. Bxc4 Qe8 13. Bf7 Qd8 
14. Qf5+ e6 15. Qxe6# 1-0

[Event "2015 REGULAR QUAD, S50219"]
[Site "CCLA"]
[Date "2015.05.11"]
[Round "?"]
[White "Perry, William E."]
[Black "Selby, Robin"]
[Result "1-0"]
[WhiteElo "1440"]
[BlackElo "1190"]

1. d4 d5 2. c4 dxc4 3. Nf3 b5 4. e4 Bb7 5. Nc3 a6 6. Be2 g6 7. O-O Bg7 8. 
e5 e6 9. Bg5 Qd7 10. Qc2 Nc6 11. Rfd1 Nge7 12. a4 O-O 13. axb5 axb5 14. b3
Rxa1 15. Rxa1 Nf5 16. bxc4 b4 17. Nb5 Ra8 18. Rd1 h6 19. Bc1 g5 20. d5 
Nxe5 21. dxe6 Qxe6 22. Nxc7 Qe8 23. Nxe8 Rxe8 24. Qxf5 Bc8 25. Qb1 Be6 26.
 Nxe5 Bxe5 27. Qxb4 Rb8 28. Qxb8+ Bxb8 29. Rd8+ Kg7 30. Rxb8 Kf6 31. c5 
Kg6 32. c6 h5 33. c7 Kf5 34. c8=Q Bxc8 35. Rxc8 Kg6 36. Rc6+ f6 37. Bxg5 
Kxg5 38. Bxh5 Kf5 39. Rc8 Kf4 40. Rg8 Kf5 41. h4 1-0

[Event "2015 NA Class C-Rd1 Sect 1, S50091"]
[Site "CCLA"]
[Date "2015.04.27"]
[Round "?"]
[White "Taylor, Bobby C."]
[Black "Smiley, William R."]
[Result "1/2-1/2"]
[WhiteElo "1575"]
[BlackElo "1587"]

1. d4 d5 2. c4 dxc4 3. Nf3 Nf6 4. Qa4+ c6 5. Qxc4 e6 6. Qc2 Nbd7 7. Nc3 h6
8. e4 Be7 9. Be2 O-O 10. O-O Re8 11. e5 Nd5 12. Nxd5 cxd5 13. Bd2 b6 14. 
Rfc1 Bb7 15. Qc7 Qc8 16. Bb5 Rd8 17. Qxc8 Raxc8 18. Rxc8 Bxc8 19. Rc1 Nf8 
20. Rc7 a6 21. Bd3 Nd7 22. a4 Kf8 23. b4 Ke8 24. b5 a5 25. g3 1/2-1/2

[Event "2015 NA Class D Ch - Rd 1 Sect 1, S50111"]
[Site "CCLA"]
[Date "2015.04.27"]
[Round "?"]
[White "Ritzmann, Andrew M."]
[Black "Acebo, Brian"]
[Result "0-1"]
[WhiteElo "1346"]
[BlackElo "1377"]

1. d4 d5 2. c4 dxc4 3. Nf3 Nf6 4. Nc3 a6 5. e4 b5 6. e5 Nd5 7. a4 Bb7 8. 
g3 e6 9. Bg5 Be7 10. Bxe7 Qxe7 11. axb5 Nb6 12. Bg2 O-O 13. O-O Qb4 14. 
Qb1 axb5 15. Rxa8 Bxa8 16. Ng5 g6 17. Bxa8 Nxa8 18. f4 Nc6 19. Nge4 Nxd4 
20. Nf6+ Kg7 21. Nce4 Nb6 22. g4 h6 23. h3 Qb3 24. h4 Nf3+ 25. Kg2 Nxh4+ 
26. Kh2 Nf3+ 27. Kg2 Nd4 28. Nd2 Qb4 29. Qc1 Qe7 30. g5 hxg5 31. fxg5 Nc6 
32. Nde4 Nxe5 33. Qf4 Nbd7 34. Nxd7 Nxd7 35. Nf6 Qd8 36. Nxd7 Qxd7 37. Rh1
Qd5+ 38. Kg1 Qc5+ 39. Kf1 Qf5 40. Qxf5 exf5 41. Ke2 Re8+ 42. Kd2 Rd8+ 43. 
Kc3 c5 44. Rb1 Rd3+ 45. Kc2 f6 0-1

[Event "2015 NA Class B Ch Finals, S50189"]
[Site "CCLA"]
[Date "2015.04.27"]
[Round "?"]
[White "Stevenson, Wayne"]
[Black "Capuzzi, Gabriele"]
[Result "1-0"]
[WhiteElo "1702"]
[BlackElo "1617"]

1. d4 d5 2. Nf3 c5 3. c4 dxc4 4. e3 Nf6 5. Bxc4 e6 6. Nc3 a6 7. O-O Nc6 8.
 dxc5 Bxc5 9. Qxd8+ Nxd8 10. Rd1 O-O 11. b3 b5 12. Bd3 Bb7 13. Bb2 Rc8 14.
 a3 Bxf3 15. gxf3 Nc6 16. a4 b4 17. Ne2 a5 18. Ba6 Rc7 19. Rac1 Bb6 20. 
Rd6 1-0

[Event "Winter Series, S50051"]
[Site "CCLA"]
[Date "2015.01.28"]
[Round "?"]
[White "Sanchez, David A."]
[Black "Shaffer, Aaron"]
[Result "1-0"]
[WhiteElo "1449"]
[BlackElo "1551"]

1. d4 d5 2. c4 e6 3. g3 Ne7 4. Bg2 Nbc6 5. Nf3 Nf5 6. O-O Bd6 7. Nc3 h6 8.
 cxd5 exd5 9. Re1 Be6 10. Nxd5 Bxd5 11. e4 Bxe4 12. Rxe4+ Nfe7 13. Rh4 Nf5
14. Re4+ Nce7 15. Qb3 b6 16. g4 Nxd4 17. Rxd4 Nc6 18. Qb5 Qd7 19. Ne5 Qc8 
20. Bxc6+ 1-0

[Event "2015 NA Class D Ch - Rd 1 Sect 2, S50121"]
[Site "CCLA"]
[Date "2015.04.27"]
[Round "?"]
[White "Cain, Larry F."]
[Black "Benson, Katie J."]
[Result "1/2-1/2"]
[WhiteElo "1325"]
[BlackElo "1185"]

1. d4 d5 2. c4 e6 3. cxd5 exd5 4. a3 h6 5. Nf3 Nf6 6. h3 a6 7. Nc3 Nc6 8. 
e3 Bf5 9. Qb3 Be7 10. Be2 Rb8 11. Bd2 Qd6 12. O-O O-O 13. Qd1 Ne4 14. Bc1 
Nxc3 15. bxc3 b5 16. Bb2 Be4 17. Bd3 Bxd3 18. Qxd3 Qg6 19. Qxg6 fxg6 20. 
Ne1 g5 21. Nd3 Nd8 22. Ne5 Ra8 23. Rae1 Bf6 24. Nf3 Nb7 25. Nd2 Nd6 26. e4
dxe4 27. Nxe4 Nxe4 28. Rxe4 Rfe8 29. Rfe1 Rxe4 30. Rxe4 Kf7 31. Kf1 
1/2-1/2

[Event "2015 NA Class D Ch - Rd 1 Sect 2, S50121"]
[Site "CCLA"]
[Date "2015.04.27"]
[Round "?"]
[White "Cain, Larry F."]
[Black "Lyons, Brenda M."]
[Result "1-0"]
[WhiteElo "1325"]
[BlackElo "1221"]

1. d4 d5 2. c4 e6 3. cxd5 exd5 4. a3 h6 5. Nf3 Nf6 6. h3 Bd6 7. Bd2 O-O 8.
 Nc3 Nc6 9. Qc2 Ne4 10. e3 Nxd2 11. Qxd2 Be6 12. Be2 Qf6 13. O-O a6 14. 
Bd1 b5 15. e4 dxe4 16. Nxe4 Qe7 17. Bc2 Rad8 18. d5 Bf5 19. Rfe1 Bxe4 20. 
Bxe4 Nb8 21. Bh7+ Kxh7 22. Rxe7 1-0

[Event "Premier Quad, S50439"]
[Site "CCLA"]
[Date "2015.11.11"]
[Round "?"]
[White "Silverman, Robert"]
[Black "Ramsden, Jim E."]
[Result "1-0"]
[WhiteElo "1905"]
[BlackElo "1789"]

1. d4 d5 2. c4 e6 3. Nf3 c5 4. cxd5 exd5 5. Bg5 Qa5+ 6. Bd2 Qb6 7. Nc3 Nf6
8. Na4 Qc7 9. Nxc5 Nbd7 10. Nd3 Bd6 11. Rc1 Qb6 12. e3 Ne4 13. Qa4 Nxd2 
14. Nxd2 O-O 15. Rxc8 Raxc8 16. Qxd7 Rc2 17. Qa4 Rfc8 18. Be2 Qc7 19. Bg4 
b5 20. Qxb5 Rb8 21. Qxd5 Rcxb2 22. Nxb2 Rxb2 23. Ke2 h6 24. Rb1 Rxb1 25. 
Nxb1 Qc2+ 26. Nd2 Bf8 27. Bf5 1-0

[Event "Premier Quad, S50079"]
[Site "CCLA"]
[Date "2015.03.04"]
[Round "?"]
[White "Beavan, Robert"]
[Black "Maier, Bill"]
[Result "1/2-1/2"]
[WhiteElo "1969"]
[BlackElo "1972"]

1. d4 d5 2. Nf3 Nf6 3. e3 c5 4. c4 e6 5. cxd5 exd5 6. Bb5+ Bd7 7. Bxd7+ 
Nbxd7 8. dxc5 Nxc5 9. O-O Be7 10. b3 O-O 11. Nc3 Nce4 12. Ne2 Rc8 13. Bb2 
Qa5 14. Nfd4 Rfd8 15. f3 Nd6 16. Qe1 Qxe1 17. Rfxe1 Nde8 18. Rec1 Bf8 19. 
Rxc8 1/2-1/2

[Event "2015  Server Team - Div 3, S53999"]
[Site "CCLA"]
[Date "2015.10.30"]
[Round "?"]
[White "Stevenson, Wayne"]
[Black "Woodhouse, Stephen"]
[Result "1-0"]
[WhiteElo "1702"]
[BlackElo "1683"]
[Board "4"]
[WhiteTeam "Idaho Mountaineers"]
[BlackTeam "BCCA Bishops"]

1. c4 e6 2. g3 d5 3. Bg2 Nf6 4. Nf3 c5 5. cxd5 exd5 6. d4 Nc6 7. O-O Be7 
8. dxc5 Bxc5 9. Bg5 O-O 10. Qc2 Be7 11. Nc3 Be6 12. Rfd1 h6 13. Bf4 Rc8 
14. a3 Qd7 15. b4 Rfd8 16. Qa4 a6 17. Ne5 Nxe5 18. Bxe5 Ng4 19. Qxd7 Rxd7 
20. Bd4 Bf6 21. Na4 Bxd4 22. Rxd4 Rc4 23. Rxc4 dxc4 24. Nc5 Rd2 25. Nxe6 
fxe6 26. Bxb7 c3 27. Rc1 c2 28. Kg2 Nf6 29. Bxa6 Nd5 30. Bc4 Kf7 31. Kf3 
Nc3 32. Ke3 1-0

[Event "2015 Server Team Ch - Div 1, S51999"]
[Site "CCLA"]
[Date "2015.10.30"]
[Round "?"]
[White "Zaas, Donald"]
[Black "Anderson, Aaron J."]
[Result "1-0"]
[WhiteElo "2262"]
[BlackElo "2174"]
[Board "2"]
[WhiteTeam "Paul Morphy's Hair"]
[BlackTeam "Gustafson Winners"]

1. d4 d5 2. c4 c6 3. Nf3 e6 4. Qc2 dxc4 5. Qxc4 Nf6 6. Bg5 b5 7. Qc2 Bb7 
8. Nbd2 Nbd7 9. e4 a6 10. Be2 c5 11. a4 b4 12. d5 exd5 13. e5 h6 14. Bh4 
g5 15. Bg3 Ne4 16. Nxe4 dxe4 17. e6 fxe6 18. Ne5 Nf6 19. Rd1 Qc8 20. O-O 
Be7 21. f4 Bd5 22. f5 exf5 23. Rxd5 O-O 24. Rdd1 Kg7 25. Qc1 c4 26. Bxc4 
Ra7 27. b3 Bc5+ 28. Kh1 e3 29. Qc2 Ne4 30. Nd3 f4 31. Nxc5 Nxc5 32. Rd6 
Qf5 33. Qb2+ Kh7 34. Rd5 Qc8 35. Be1 a5 36. Qd4 Rc7 37. h4 f3 38. hxg5 
fxg2+ 39. Kxg2 Rxf1 40. Kxf1 e2+ 41. Kg1 Rg7 42. Rxc5 1-0

[Event "2015 Server Team Ch - Div 1, S51999"]
[Site "CCLA"]
[Date "2015.10.30"]
[Round "?"]
[White "Vivante-Sowter, John"]
[Black "Sherwood, Russell"]
[Result "1/2-1/2"]
[WhiteElo "2301"]
[BlackElo "2310"]
[Board "1"]
[WhiteTeam "SchemingMind A"]
[BlackTeam "BCCA Rooks"]

1. d4 d5 2. c4 c6 3. Nf3 Nf6 4. e3 e6 5. b3 Nbd7 6. Bb2 Bd6 7. Bd3 O-O 8. 
O-O b6 9. Nbd2 Bb7 10. Ne5 Rc8 11. Qf3 Qe7 12. Qh3 h6 13. f4 c5 14. f5 
cxd4 15. exd4 exf5 16. Nxd7 Qxd7 17. Bxf5 Qc7 18. c5 Bf4 19. Bc1 Bg5 20. 
Bxc8 Bxc8 21. Qd3 bxc5 22. Re1 Be6 23. Nf1 Bxc1 24. Raxc1 c4 25. Qd2 Rb8 
26. Ng3 Qb6 27. Rc3 Qb4 28. Rf1 cxb3 29. axb3 Ne4 30. Nxe4 dxe4 31. Qe3 
Rd8 1/2-1/2

[Event "2015 Server Team Ch - Div 1, S51999"]
[Site "CCLA"]
[Date "2015.10.30"]
[Round "?"]
[White "Gleyzer, Leonid"]
[Black "Sherwood, Russell"]
[Result "1/2-1/2"]
[WhiteElo "2322"]
[BlackElo "2310"]
[Board "1"]
[WhiteTeam "Paul Morphy's Hair"]
[BlackTeam "BCCA Rooks"]

1. d4 d5 2. c4 c6 3. Nf3 Nf6 4. e3 e6 5. Bd3 Nbd7 6. O-O dxc4 7. Bxc4 Bd6 
8. Nbd2 O-O 9. e4 e5 10. Re1 b5 11. Bd3 a5 12. Qc2 Bb7 13. dxe5 Bxe5 14. 
a4 Re8 15. axb5 cxb5 16. Nxe5 Rxe5 17. Nf3 Rh5 18. Bf4 Nc5 19. Rad1 Ne6 
20. Be5 Qe7 21. Qd2 Nc5 22. Qf4 Ne6 23. Qg3 Rd8 24. h4 h6 25. Bc2 Rxd1 26.
 Bxd1 Nxe4 27. Qg4 Nxf2 28. Kxf2 Bxf3 29. Kxf3 Rxh4 30. Qf5 a4 31. Kf2 Rc4
32. Bg3 Qb4 33. Bh5 Qxb2+ 34. Kg1 Qf6 35. Qxb5 Rc5 36. Qb8+ Kh7 37. Rf1 
Rf5 38. Qb1 g6 39. Rxf5 gxf5 40. Qb6 Qg5 41. Bxf7 Qxg3 42. Qxe6 a3 43. 
Qxf5+ Kg7 44. Kf1 Qd6 45. Be6 Qf8 1/2-1/2

[Event "2015  Server Team - Div 3, S53999"]
[Site "CCLA"]
[Date "2015.10.30"]
[Round "?"]
[White "Ellis, James R."]
[Black "Vecchio, Ralph"]
[Result "1-0"]
[WhiteElo "2112"]
[BlackElo "1845"]
[Board "2"]
[WhiteTeam "Canadian Snowbirds"]
[BlackTeam "Idaho Mountaineers"]

1. d4 d5 2. c4 c6 3. Nf3 e6 4. e3 Nf6 5. b3 Bb4+ 6. Nbd2 Nbd7 7. Bb2 b6 8.
 Bd3 Bb7 9. a3 Bxd2+ 10. Nxd2 Qc7 11. O-O O-O 12. Qe2 Rfe8 13. Rac1 Qd6 
14. b4 e5 15. cxd5 cxd5 16. dxe5 Nxe5 17. Bxe5 Rxe5 18. Nf3 Rh5 19. h3 Re8
20. Nd4 g6 21. Rc2 a6 22. Bxa6 Bxa6 23. Qxa6 Ng4 24. Nf3 Ne5 25. Nxe5 
Rhxe5 26. Rfc1 d4 27. Qd3 Rd5 28. Rc8 Qd7 29. Rxe8+ Qxe8 30. exd4 Kg7 31. 
Qe3 Qd8 32. Qc3 Qf6 33. Rd1 Qd8 34. a4 Qf6 35. a5 bxa5 36. bxa5 h5 37. Qb4
Qd8 38. Ra1 Rxd4 39. Qc5 Rd1+ 40. Rxd1 Qxd1+ 41. Kh2 Qe2 42. Qd4+ Kh7 43. 
Qf6 Qc4 44. g3 Qc7 45. Qb6 Qe5 46. a6 h4 47. a7 hxg3+ 48. Kg2 Qe4+ 49. f3 
Qe2+ 50. Kxg3 Qe1+ 51. Qf2 Qe5+ 52. Kg2 Qg5+ 53. Kh1 Qc1+ 54. Qg1 Qc6 55. 
Kg2 Qc2+ 56. Qf2 Qa4 57. Qb6 Qa2+ 58. Kg3 Qd5 59. Qf6 Qb7 60. Qh4+ Kg7 61.
 Qa4 Qc7+ 62. Kg2 1-0

[Event "2015 NA Class D Ch Finals, S50469"]
[Site "CCLA"]
[Date "2016.02.18"]
[Round "?"]
[White "Acebo, Brian"]
[Black "Gunning, Edward E."]
[Result "0-1"]
[WhiteElo "1360"]
[BlackElo "1403"]

1. d4 d5 2. Nf3 Nf6 3. c4 e6 4. Bg5 Be7 5. h3 Ne4 6. Bxe7 Qxe7 7. e3 Qb4+ 
8. Nbd2 Nc6 9. b3 O-O 10. cxd5 exd5 11. Qc2 Qc3 12. Rc1 Qa5 13. Be2 Nb4 
14. Qxc7 Qxa2 15. Nxe4 dxe4 16. Nd2 Nd3+ 17. Kf1 Nxc1 18. Qxc1 Be6 19. Qd1
Rac8 20. Qe1 Rc2 21. Nxe4 Rfc8 22. Kg1 Rc1 23. Bd1 Bxb3 0-1

[Event "Winter Series, S50061"]
[Site "CCLA"]
[Date "2015.01.28"]
[Round "?"]
[White "Ritzmann, Andrew M."]
[Black "Lyons, Anthony W."]
[Result "1-0"]
[WhiteElo "1333"]
[BlackElo "1235"]

1. d4 d5 2. c4 e6 3. Nc3 Nc6 4. Nf3 Nf6 5. Bg5 Be7 6. e3 O-O 7. Bd3 h6 8. 
Bh4 b6 9. O-O Nb4 10. Be2 Ne4 11. Bxe7 Qxe7 12. a3 Nxc3 13. bxc3 Nc6 14. 
Qc2 f6 15. cxd5 exd5 16. Qb3 Nb8 17. Qxd5+ Qe6 18. Qxa8 Nc6 19. Bb5 Bd7 
20. Qb7 Rc8 21. Qa6 Nb8 22. Qa4 Bxb5 23. Qxb5 1-0

[Event "Winter Series, S50051"]
[Site "CCLA"]
[Date "2015.01.28"]
[Round "?"]
[White "Perry, William E."]
[Black "Shaffer, Aaron"]
[Result "1-0"]
[WhiteElo "1442"]
[BlackElo "1551"]

1. d4 d5 2. c4 e6 3. Nc3 Nc6 4. cxd5 exd5 5. Nf3 Nf6 6. Bg5 Be7 7. e3 h6 
8. Bxf6 Bxf6 9. a3 Bg4 10. Be2 a6 11. O-O O-O 12. h3 Bh5 13. b4 b5 14. Qb3
Re8 15. Qxd5 Qxd5 16. Nxd5 Bxf3 17. Nxf6+ gxf6 18. Bxf3 1-0

[Event "2015 REGULAR QUAD, S50129"]
[Site "CCLA"]
[Date "2015.03.27"]
[Round "?"]
[White "Jarmuz, Frederick"]
[Black "Lyons, Brenda M."]
[Result "1-0"]
[WhiteElo "1945"]
[BlackElo "1221"]

1. d4 d5 2. c4 e6 3. Nc3 Bb4 4. Nf3 Bxc3+ 5. bxc3 Nf6 6. Bg5 O-O 7. e3 Nc6
8. Bd3 dxc4 9. Bxc4 h6 10. Bh4 Qe8 11. Bxf6 gxf6 12. O-O e5 13. Qc2 exd4 
14. cxd4 Be6 15. d5 Bd7 16. dxc6 Bxc6 17. Qg6+ Kh8 18. Qxf6+ Kg8 19. Qg6+ 
Kh8 20. Qxh6+ Kg8 21. Ng5 Be4 22. Qh4 Bg6 23. Rad1 c6 24. Rd6 b5 25. Rxg6#
1-0

[Event "2015 NA Class C Ch - Rd 1 Sect 2, S50101"]
[Site "CCLA"]
[Date "2015.04.27"]
[Round "?"]
[White "Hodgkins, Neil C."]
[Black "Lines, Daniel"]
[Result "1-0"]
[WhiteElo "1442"]
[BlackElo "1419"]

1. d4 d5 2. c4 e6 3. Nc3 Bb4 4. e3 Nf6 5. Nf3 Bxc3+ 6. bxc3 c5 7. cxd5 
exd5 8. Be2 Ne4 9. O-O O-O 10. Bb2 Nc6 11. Nd2 Bf5 12. f3 Nxd2 13. Qxd2 
Qe7 14. Rfe1 Rfe8 15. Ba3 Qxe3+ 16. Qxe3 Rxe3 17. Rac1 Rae8 18. Kf2 b6 19.
 Bb5 Rxe1 20. Rxe1 Rxe1 21. Kxe1 Bd7 22. dxc5 Kf8 23. cxb6+ Ke8 24. Bxc6 
Bxc6 25. bxa7 Kd7 26. Bc5 Bb7 27. h4 h5 28. Kd2 Kc6 29. Bd4 1-0